Statistics for Bodies of Water A-Z

Click here to take the quiz!

General Stats

  • This quiz has been taken 238 times
  • The average score is 18 of 26

Answer Stats

HintAnswer% Correct
ASea between Greece and TurkeyAegean Sea
93%
VLargest lake in AfricaLake Victoria
92%
HSecond largest Great LakeLake Huron
90%
EChannel between Great Britain and FranceEnglish Channel
89%
CLargest lake in the worldCaspian Sea
86%
RJeddah is on this SeaRed Sea
82%
OGulf leading to the Persian GulfGulf of Oman
81%
TRiver flowing through RomeTiber River
79%
MPhnom Penh city is located on this riverMekong River
78%
JAlso known as the East SeaSea of Japan
77%
YLongest River in AlaskaYukon River
75%
IIsle of Man is located hereIrish Sea
74%
ZRiver that forms Victoria FallsZambezi River
74%
PRiver flowing through Washington D.CPotomac River
72%
SBuilt in 1869Suez Canal
71%
BStrait separating Europe and AsiaBosphorus Strait
69%
GSouth of NigeriaGulf of Guinea
67%
QTwo Letter Chinese RiverQu River
65%
FBay with the highest tidesBay of Fundy
63%
DThe coasts are the lowest place on landDead Sea
62%
UA river flowing into the Rio de la PlataUruguay River
51%
XRiver flowing through GuangzhouXijiang River
49%
KSea north of SiberiaKara Sea
39%
LBiggest Lake completely in EuropeLake Ladoga
39%
NAlso known as Lake MalawiLake Nyasa
29%
WAntarctic SeaWeddell Sea
27%

Score Distribution

Percentile by Number Answered

Percent of People with Each Score

Your Score History

You have not taken this quiz